Science For Motor Vehicle Engineers (Record no. 34393)

MARC details
000 -LEADER
fixed length control field 00389nam a22001697a 4500
003 - CONTROL NUMBER IDENTIFIER
control field OSt
005 - DATE AND TIME OF LATEST TRANSACTION
control field 20220405160855.0
008 - FIXED-LENGTH DATA ELEMENTS--GENERAL INFORMATION
fixed length control field 220405b |||||||| |||| 00| 0 eng d
020 ## - INTERNATIONAL STANDARD BOOK NUMBER
International Standard Book Number 034084527X
040 ## - CATALOGING SOURCE
Transcribing agency HU
082 ## - DEWEY DECIMAL CLASSIFICATION NUMBER
Classification number 629.2
100 ## - MAIN ENTRY--PERSONAL NAME
Personal name Twigg Peter
9 (RLIN) 35218
245 ## - TITLE STATEMENT
Title Science For Motor Vehicle Engineers
260 ## - PUBLICATION, DISTRIBUTION, ETC.
Place of publication, distribution, etc. NewYork
Name of publisher, distributor, etc. Tokyo
300 ## - PHYSICAL DESCRIPTION
Type of unit 295
942 ## - ADDED ENTRY ELEMENTS (KOHA)
Source of classification or shelving scheme Dewey Decimal Classification
Koha item type Books like text book referance book
Suppress in OPAC No
Holdings
Withdrawn status Lost status Source of classification or shelving scheme Damaged status Not for loan Home library Current library Shelving location Date acquired Total Checkouts Full call number Barcode Date last seen Copy number Price effective from Koha item type
    Dewey Decimal Classification     IoT Library IoT Library General Stacks 04/05/2022   629.2/TWI/1996 IOTL0020291 04/05/2022 1 04/05/2022 Books like text book referance book
    Dewey Decimal Classification     IoT Library IoT Library General Stacks 04/05/2022   629.2/TWI/1996 IOTL0020292 04/05/2022 2 04/05/2022 Books like text book referance book
    Dewey Decimal Classification     IoT Library IoT Library General Stacks 04/05/2022   629.2/TWI/1996 IOTL0020293 04/05/2022 3 04/05/2022 Books like text book referance book
    Dewey Decimal Classification     IoT Library IoT Library General Stacks 04/05/2022   629.2/TWI/1996 IOTL0020294 04/05/2022 4 04/05/2022 Books like text book referance book
    Dewey Decimal Classification     IoT Library IoT Library General Stacks 04/05/2022   629.2/TWI/1996 IOTL0020295 04/05/2022 5 04/05/2022 Books like text book referance book
    Dewey Decimal Classification     IoT Library IoT Library General Stacks 04/05/2022   629.2/TWI/1996 IOTL0020296 04/05/2022 6 04/05/2022 Books like text book referance book
    Dewey Decimal Classification     IoT Library IoT Library General Stacks 04/05/2022   629.2/TWI/1996 IOTL0020297 04/05/2022 7 04/05/2022 Books like text book referance book
    Dewey Decimal Classification     IoT Library IoT Library General Stacks 04/05/2022   629.2/TWI/1996 IOTL0020298 04/05/2022 8 04/05/2022 Books like text book referance book
    Dewey Decimal Classification     IoT Library IoT Library General Stacks 04/05/2022   629.2/TWI/1996 IOTL0020299 04/05/2022 9 04/05/2022 Books like text book referance book
    Dewey Decimal Classification     IoT Library IoT Library General Stacks 04/06/2022   629.2/TWI/1996 IOTL0020100 04/06/2022 10 04/06/2022 Books like text book referance book